Dune sand stabilization with cement kiln dust for Cholistan Desert. (Record no. 551458)
[ view plain ]
| 000 -LEADER | |
|---|---|
| fixed length control field | 00466nam a22001577a 4500 |
| 082 ## - DEWEY DECIMAL CLASSIFICATION NUMBER | |
| Classification number | T-151 |
| 100 ## - MAIN ENTRY--PERSONAL NAME | |
| Personal name | Amjad Mahmood, Major. |
| 9 (RLIN) | 48571 |
| 245 ## - TITLE STATEMENT | |
| Title | Dune sand stabilization with cement kiln dust for Cholistan Desert. |
| 260 ## - PUBLICATION, DISTRIBUTION, ETC. | |
| Place of publication, distribution, etc. | Risalpur. |
| Name of publisher, distributor, etc. | MCE |
| Date of publication, distribution, etc. | March 2000. |
| 300 ## - PHYSICAL DESCRIPTION | |
| Extent | p 152.: |
| 526 ## - STUDY PROGRAM INFORMATION NOTE | |
| Program name | 0 |
| Interest level | 0 |
| Reading level | 0 |
| Title point value | T_151 |
| 650 ## - SUBJECT ADDED ENTRY--TOPICAL TERM | |
| Topical term or geographic name entry element | Geo Technical Engineering |
| 9 (RLIN) | 48572 |
| 650 ## - SUBJECT ADDED ENTRY--TOPICAL TERM | |
| Topical term or geographic name entry element | Thesis |
| 9 (RLIN) | 34811 |
| 700 ## - ADDED ENTRY--PERSONAL NAME | |
| Personal name | Syed Mohammad Jamil, Brig. |
| 9 (RLIN) | 48573 |
| 942 ## - ADDED ENTRY ELEMENTS (KOHA) | |
| Source of classification or shelving scheme | |
| Koha item type | Book |
| Withdrawn status | Lost status | Source of classification or shelving scheme | Damaged status | Not for loan | Permanent Location | Current Location | Date acquired | Total Checkouts | Total Renewals | Full call number | Barcode | Date last seen | Date last checked out | Price effective from | Koha item type | Public note |
|---|---|---|---|---|---|---|---|---|---|---|---|---|---|---|---|---|
| Military College of Engineering (MCE) | Military College of Engineering (MCE) | 12/15/2014 | 3 | 1 | T-151 | MCE-T-151 | 07/08/2020 | 04/21/2020 | 12/15/2014 | Book | Thesis |
